Heidegger et le problème de la mort : existentialité, authenticité, temporalité /

Gespeichert in:
Bibliographische Detailangaben
1. Verfasser: Ciocan, Cristian (autor)
Format: Buch
Sprache:Französisch
Veröffentlicht: Dordrecht, Holanda: Springer, 2014, c2014
Schriftenreihe:(Phaenomenologica Springer ; 211)
Schlagworte:
Online-Zugang:Ver documento en línea
Tags: Tag hinzufügen
Keine Tags, Fügen Sie das erste Tag hinzu!

MARC

LEADER 00000nam^a2200000^a^4500
001 000420379
005 20251023000000.0
009 20260310122508.977
020 |a 978-94-007-6839-0 
037 |a Acervo ITESO - Biblioteca 
041 |a FRA 
082 |a 142. 7  |b CIO 
100 |a Ciocan, Cristian  |e (autor) 
245 1 0 |a Heidegger et le problème de la mort :  |b existentialité, authenticité, temporalité /  |c C. Ciocan. 
264 4 |a Dordrecht, Holanda:  |b Springer,  |c 2014, c2014 
264 2 |a Cham, Suiza :  |b Springer Link [distribución],  |c 2014 
300 |a 1 libro electrónico en línea (IX, 297 p.) 
300 |a 1 recurso en línea 
336 |a datos para computadora  |b cod  |2 rdacontenido 
337 |a computadora  |b c  |2 rdamedio 
338 |a recurso en línea  |b cr  |2 rdasoporte 
440 1 |a (Phaenomenologica Springer ;  |v 211) 
506 0 |a Licencias ilimitadas 
545 0 |a Martín Heidegger (1889-1976), filósofo alemán, discípulo de Edmund Husserl, desarrolla su pensamiento a contracorriente en un ambiente doctrinal neokantiano del cual poco a poco se distancia. El planteamiento central de su filosofía es el ser, considerado en su universalidad y en su diferencia respecto del ente; en su itinerario por develar la estructura existencial más profunda del Dasein o del ser en el mundo recurre a los principios de la fenomenología, donde el fenómeno es entendido como la manifestación de la esencia misma de la cosa. Entre sus obras principales se encuentran Ser y tiempo, Qué es metafísica, Kant y el problema de la metafísica, Identidad y diferencia, Prolegómenos para una historia del concepto de tiempo, Sobre la cuestión del ser, Introducción a la filosofía, y otras. 
649 |a XX 
650 |a Filósofos Alemanes 
650 |a Muerte -  |x Filosofía -  |x Tema Principal 
650 |a Antropología Filosófica -  |x Historia y Crítica 
650 |a Existencialismo -  |x Historia y Crítica 
650 |a Fenomenología -  |x Historia y Crítica -  |x Tema Principal 
650 |a Filosofía del Siglo XX -  |x Historia y Crítica 
650 |a Filosofía Alemana -  |x Historia y Crítica 
650 |a Heidegger, Martin -  |x Tema Principal 
856 4 0 |u https://link-springer-com.ezproxy.iteso.mx/10.1007/978-94-007-6839-0  |y Ver documento en línea 
910 |a Fondo General 
920 |a Electrónicos - Libros en Línea 
930 |a Plataforma Digital 
905 |a 205 
901 |a 420379-1  |b IT2  |c EBO  |i C172346  |u 20250521 
902 |a https://opac.biblio.iteso.mx/vufind/Record/000420379